Vodohospodársky časopis časopis pre hydrológiu a hydromechaniku

Na minha lista:
Detalhes bibliográficos
Formato: Periódico
Idioma:eslovaco
Publicado em: Bratislava VEDA
Tags: Adicionar Tag
Sem tags, seja o primeiro a adicionar uma tag!

MARC

LEADER 00000nas1a22000001 4500
001 s120281
005 20230608115633.6
041 0 |a slo 
044 |a SK 
245 1 0 |a Vodohospodársky časopis  |b časopis pre hydrológiu a hydromechaniku 
264 1 |a Bratislava  |b VEDA